Best Songs of 2013 - Statistics

General Stats
  • This quiz has been taken 142 times
  • The average score is 14 of 45
Answer Stats
Song Artist % Correct
Wrecking Ball + We Can't Stop Miley Cyrus
98%
Roar Katy Perry
89%
Royals Lorde
89%
Blurred Lines Robin Thicke
86%
Get Lucky Daft Punk
83%
Same Love + Can't Hold Us Macklemore & Ryan Lewis
80%
I Knew You Were Trouble Taylor Swift
80%
Radioactive Imagine Dragons
79%
Just Give Me a Reason P!nk & Nate Ruess
77%
Mirrors Justin Timberlake
73%
Treasure Bruno Mars
69%
Wake Me Up Avicii
68%
Hold On, We're Going Home + Started from the Bottom Drake
66%
Versace MIGOS
66%
Clarity ZEDD
43%
Black Skinhead + New Slaves Kanye West
40%
Still Into You Paramore
39%
Power Trip J. Cole
15%
Reflektor Arcade Fire
13%
Body Party Ciara
13%
That's My Kind of Night Luke Bryan
13%
White Noise Disclosure
11%
Diane Young + Ya Hey Vampire Weekend
11%
The Mother We Share + Recover Chvrches
10%
The Wire Haim
10%
Control Big Sean
9%
Follow Your Arrow Kacey Musgraves
6%
Shabba A$AP Ferg
5%
Come Walk With Me M.I.A.
5%
Don't Swallow the Cap The National
5%
Take a Little Pill Brandy Clark
4%
Acid Rain Chance the Rapper
4%
Q.U.E.E.N. Janelle Monáe
4%
Numbers on the Boards Pusha T
3%
Open Rhye
3%
No Destruction Foxygen
2%
Bugs Don't Buzz Majical Cloudz
2%
Weight Mikal Cronin
2%
Song for Zula Phosphorescent
2%
You're Not the One Sky Ferreira
2%
Me & You & Jackie Mittoo Superchunk
2%
Hey Doreen Lucius
1%
Man Neko Case
1%
Down Down the Deep River Okkervil River
1%
No Below Speedy Ortiz
1%
No matching quizzes found
Score Distribution
Percent of People with Each Score
Percentile by Number Answered
Your Score History
You have not taken this quiz